000 00819nam a2200265Ia 4500
003 OSt
005 20220925223934.0
006 a|||||r|||| 00| 0
007 ta
008 220923b |||||||| |||| 00| 0 eng d
020 _c2626.3899999999999
037 _bIN2482, 09/03/2016, R K Books
_cGeneral Book
040 _aRTL
_cRTL
_beng
041 _2eng
_aeng
082 _aU43, Q6
100 _aMARVIN Simon and
_9290546
245 0 _aSmart urbanism
_b Utopian vision or false dawn?
260 _aLondon
_bRoutledge
_c2016
300 _axv, 196p
_ccm.
500 _aGlossary: p 531-540; Bibliography: p 541-567
650 _aGeography
700 _a Other's
_9270572
942 _hU43, Q6
_cGB
_2CC
999 _c580658
_d580658